000 00242nam a2200097Ia 4500
001 642431
005 20250826153526.0
008 250824s9999 xx 000 0 und d
245 0 _aRuby Rogers Çıkar Beni Buradan!
_cSue Limb
260 _bALTIN
999 _c642431
_d642431